MARC

LEADER 00000nam0a2200000 4500
001 272530
005 20231101234537.0
035 |a (RuTPU)RU\TPU\book\295737 
090 |a 272530 
100 |a 20141020d1986 k y0rusy50 ca 
101 0 |a rus 
102 |a RU 
105 |a a z 001zy 
200 1 |a Термооптика твердотельных лазеров  |f А. В. Мезенов, Л. Н. Сомс, А. И. Степанов 
210 |a Ленинград  |c Машиностроение  |d 1986 
215 |a 200 с.  |c ил. 
320 |a Библиогр.: с. 191-198 
606 1 |a Лазеры твердотельные  |2 stltpush  |3 (RuTPU)RU\TPU\subj\39832  |9 59737 
610 1 |a термооптика 
610 1 |a температурные искажения 
610 1 |a влияние 
610 1 |a лазерное излучение 
610 1 |a излучатели 
610 1 |a конструирование 
610 1 |a температурные поля 
610 1 |a исследование 
675 |a 621.373.826.038.825  |v 3 
700 1 |a Мезенов  |b А. В.  |g Аделин Валентинович 
701 1 |a Сомс  |b Л. Н.  |g Леонид Николаевич 
701 1 |a Степанов  |b А. И.  |g Александр Иванович 
801 1 |a RU  |b 63413507  |c 20141020 
801 2 |a RU  |b 63413507  |c 20160530  |g RCR 
942 |c BK